000 00891nam a22002417a 4500
003 DO-SdBNP
005 20220720134834.0
007 ta
008 110614s2010 dr acd 000 0 spa d
040 _aDO-SdBNP
_bspa
_cBNPHU
082 _axxxx
_bxxxf
110 _aRepública Dominicana
_bInstituto Dominicano de Aviación Civil - IDAC
_982049
245 0 0 _aMemoria institucional 2010 :
_bInstituto Dominicano de Aviación Civil - IDAC
_ccolaboración Clara María Almonte, Michelle Franjul, Ángel Cuevas
260 _aSanto Domingo :
_bIDAC,
_c[2010].
300 _a142 p. :
_bil., retrs., graf.
_c28 p.
590 _aInventariado, 2022/ YL
700 1 2 _aAlmonte, Clara María
_ecol.
_982050
700 1 2 _aFranjul, Michelle
_ecol.
_982051
700 1 2 _aCuevas, Ángel
_ecol.
_982052
710 _aInstituto Dominicano de Aviación Civil
_978673
910 _aYLockward
942 _2ddc
_cLBS1
999 _c52202
_d52202